000 00622cam a22002052 4500
001 0000006058
005 20151217145829.0
008 070912s xx 000 0 eng d
020 _a9812530401 :
_cKES 2,850
040 _aKABU
_cKABU
100 1 _aHorstmann, Cay.
_@0000157427
245 1 0 _aObject-oriented design and patterns.
260 _aHoboken, NJ :
_bJ. Wiley,
_c2006.
300 _axviii, 445 p.
650 0 _aObject-oriented methods.
_@0000157428
650 0 _aComputer software
_xDevelopment.
_@0000148175
908 _a070912
950 _@1
999 _c3034
_d3034